| 000 | 00841nam a2200253 i 4500 | ||
|---|---|---|---|
| 001 | 181955 | ||
| 003 | ES-MaACL | ||
| 005 | 20231020115343.0 | ||
| 008 | 130509s2006 sp | |||| ||spa d | ||
| 020 | _a84-933429-7-1 | ||
| 080 | _a821.134.2-14"19" | ||
| 100 | 1 |
_aPlaza, Carmen. _9145185 |
|
| 245 | 1 | 0 |
_aBreviario para el bolsillo interior / _cCarmen Plaza ; [prólogo de Carles Duarte]. |
| 250 | _a1ª ed. | ||
| 260 |
_a[Mataró] : _bSmara, _c2006. |
||
| 300 |
_a63 p. ; _c18 cm. |
||
| 490 | 1 | _aColección Poesía "Pirámide" | |
| 700 | 0 |
_aDuarte i Montserrat, Carles. _945734 |
|
| 830 | 0 |
_aColección Poesía "Pirámide" _9224780 |
|
| 852 |
_aES-MaACL _jA-12648 _9188864 _bR.148632 _cDEPO1 _dOlim: N-5649 _xDonación: Carmen Plaza |
||
| 903 |
_9145185 _aPlaza, Carmen _ednr |
||
| 942 |
_2udc _cMONOGRAFIA |
||
| 999 |
_c181955 _d181955 |
||